¿Cómo nos vemos los tapatíos? : encuesta de percepción ciudadana de calidad de vida en el área metropolitana de Guadalajara 2011 /
Gardado en:
| Autor Corporativo: | |
|---|---|
| Outros autores: | |
| Formato: | Libro |
| Idioma: | Lingua castelá |
| Publicado: |
Guadalajara, México :
ITESO : Fundación Jesús Alvarez del Castillo : Extra,
2011, c2011
|
| Temas: | |
| Etiquetas: |
Sen Etiquetas, Sexa o primeiro en etiquetar este rexistro!
|
MARC
| LEADER | 00000nam^a2200000^a^4500 | ||
|---|---|---|---|
| 001 | 000391991 | ||
| 005 | 20250521000000.0 | ||
| 009 | 20260310121229.13 | ||
| 020 | |a 978-607-8107-08-7 | ||
| 020 | |a 978-607-8107-08-7 | ||
| 037 | |a Acervo ITESO - Biblioteca | ||
| 041 | |a ESP | ||
| 082 | |a 306. 4097235 |b ENC GDL 2011 | ||
| 110 | |a Jalisco Cómo Vamos, Observatorio Ciudadano | ||
| 240 | 1 | 1 | |a [Encuesta de percepción ciudadana de calidad de vida] |
| 240 | 1 | 1 | |a [Jalisco Cómo Vamos] |
| 245 | 1 | 0 | |a ¿Cómo nos vemos los tapatíos? : |b encuesta de percepción ciudadana de calidad de vida en el área metropolitana de Guadalajara 2011 / |c Ed. y presen. de D. Gómez Alvarez. |
| 264 | 4 | |a Guadalajara, México : |b ITESO : |b Fundación Jesús Alvarez del Castillo : |b Extra, |c 2011, c2011 | |
| 300 | |a 193 p. : |b tapa dura | ||
| 336 | |a texto |b txt |2 rdacontenido | ||
| 337 | |a sin mediación |b n |2 rdamedio | ||
| 338 | |a volumen |b nc |2 rdasoporte | ||
| 649 | |a XX | ||
| 650 | |a Identidad Cultural - |z Guadalajara, Jalisco - |x Tema Principal | ||
| 650 | |a Identidad Cultural - |z Jalisco | ||
| 650 | |a Identidad Cultural - |z México | ||
| 650 | |a Calidad de Vida - |z Guadalajara, Jalisco - |x Encuestas - |x Tema Principal | ||
| 650 | |a Calidad de Vida - |z Jalisco - |x Encuestas | ||
| 650 | |a Calidad de Vida - |z México - |x Encuestas | ||
| 650 | |a Prácticas Culturales - |z Guadalajara, Jalisco | ||
| 650 | |a Prácticas Culturales - |z Jalisco | ||
| 650 | |a Prácticas Culturales - |z México | ||
| 650 | |a Espacio Urbano - |z Guadalajara, Jalisco - |x Encuestas | ||
| 650 | |a Espacio Urbano - |z Jalisco - |x Encuestas | ||
| 650 | |a Espacio Urbano - |z México | ||
| 650 | |a Sociología Urbana | ||
| 650 | |a Sociología de la Cultura | ||
| 700 | |a Gómez Alvarez, David |e (edición y presentación) | ||
| 910 | |a Fondo General | ||
| 920 | |a Impresos - Libros | ||
| 930 | |a Reserva Especial | ||
| 905 | |a 103 | ||
| 901 | |a 0500204409 |b IT1 |c REE |i D57237 |u 20250521 | ||
| 901 | |a 0500290050 |b IT1 |c REE |i D84416 |u 20250521 | ||
| 902 | |a https://opac.biblio.iteso.mx/vufind/Record/000391991 | ||